[Event "USA-ch"]
[Site "Parsippany"]
[Date "1996.??.??"]
[Round "1"]
[White "Shabalov, Alexander"]
[Black "Dzindzichashvili, Roman"]
[Result "1/2-1/2"]
[WhiteElo "2565"]
[BlackElo "2545"]
[Annotator "Romero Holmes"]
[PlyCount "38"]
[EventDate "1996.07.13"]
[EventType "tourn"]
[EventRounds "13"]
[EventCountry "USA"]
[EventCategory "12"]
[SourceTitle "CBM 055"]
[Source "ChessBase"]
[SourceDate "1996.12.01"]
[SourceVersion "1"]
[SourceVersionDate "1996.12.01"]
[SourceQuality "1"]

1. e4 c5 2. c3 d5 3. exd5 Qxd5 4. d4 Nf6 5. Nf3 Bg4 6. Nbd2 cxd4 7. Bc4 Qd7
$146 (7... Qh5 $5) 8. Qb3 e6 9. Ne5 Qc7 10. Bb5+ Nc6 11. Ndc4 Bc5 $5 12. Bf4 {
White approach has been very natural, developing the pieces and winning tempos
against the queen.} (12. Nd3 $5 Nd7 (12... Bd6 13. Nxd6+ Qxd6 14. Bf4 (14. f3
Bf5 15. Bf4 Qd5 16. Bc4 Qd7 17. Nc5 Qe7 18. Qxb7 Qxb7 19. Nxb7 $14) 14... Qd5
15. f3) (12... Be7 13. Bf4 Qd8 14. Nde5) 13. Bf4 Qd8 14. Nce5 $16) 12... O-O
13. Bxc6 bxc6 14. h3 $6 {A very dubious move, loosing the opportunity to win
an exchange or keep a nice positional advantage.} (14. Nd3 $142 $1 e5 (14...
Qe7 15. cxd4 (15. Nxc5 $1 Qxc5 16. f3 (16. Bd6 Qd5) 16... Qd5 17. O-O-O Bf5 18.
Rxd4 $16 {The endgame is clarly better.}) 15... Bxd4 16. Bd6 Qd7 17. Bxf8 Rxf8
$13) 15. Bxe5 Rfe8 16. O-O) 14... Bf5 15. Ng6 {Now is too late for} (15. Nd3
Qe7 16. Nxc5 Qxc5 17. Bd6 Qd5) 15... e5 16. Bxe5 Rfe8 17. O-O {Is very risky
to castle long because Black obtains good chances against White King, taking
advantage of his powerful white coloured bishop.} (17. O-O-O Rxe5 (17... Qd7
18. cxd4 Bxg6 19. dxc5 Qf5 20. f4 Qb1+ 21. Kd2 Qe4 22. Nd6 Qxg2+ $36) 18. Ngxe5
Rb8 19. Qa4 dxc3) 17... Qd7 18. cxd4 Bxd4 19. Rad1 c5 (19... c5 20. Nh4 Be6 21.
Nf3 Qd5 22. Nxd4 Qxc4 (22... cxd4 23. Qg3) 23. Qg3 Nh5 24. Qg5 cxd4 25. Qxh5
$36 {with some attacking chances for White although Black probably can hold
the balance.}) 1/2-1/2

[Event "Leon-B"]
[Site "Leon"]
[Date "1996.??.??"]
[Round "1"]
[White "Strikovic, Aleksa"]
[Black "Garcia Ilundain, David"]
[Result "1/2-1/2"]
[WhiteElo "2520"]
[BlackElo "2550"]
[Annotator "Romero Holmes"]
[PlyCount "74"]
[EventDate "1996.06.??"]
[EventType "tourn"]
[EventRounds "9"]
[EventCountry "ESP"]
[EventCategory "9"]
[SourceTitle "CBM 054"]
[Source "ChessBase"]
[SourceDate "1996.10.01"]
[SourceVersion "1"]
[SourceVersionDate "1996.10.01"]
[SourceQuality "1"]

1. e4 c5 2. c3 d5 3. exd5 Qxd5 4. d4 Nf6 5. Nf3 Bg4 6. Nbd2 Nc6 7. Bc4 Bxf3 8.
gxf3 (8. Qa4 Qd7 9. Nxf3) 8... Qd7 $1 {A good novelty. Black hopes that will
get enough compensation for the pawn due to the bad structure of the king side.
} 9. dxc5 e6 10. Nb3 (10. b4 $6 {This move weakens too much the queen side.})
10... Qc7 11. Be3 Be7 12. Qe2 (12. f4 $5 {Was the proposal of Aleksa Strikovic
after the game, to activate his pieces: t ransfering the queen to f3, etc.})
12... Rd8 {Necessary, to avoid long castle.} 13. Rd1 Rxd1+ 14. Kxd1 O-O 15. Kc2
Rd8 16. f4 Bf8 $1 {A good plan, to transfer the knight to f5, a nice square.}
17. Rd1 Rxd1 18. Qxd1 Ne7 19. Qd6 Qc8 20. Qd3 Nf5 21. Bd4 Nd7 22. Bb5 h6 23.
Bxd7 Qxd7 24. Qe4 {To avboid Qc6} Qb5 25. a4 Qa6 26. Be3 {White cannot make
any progress because has many weaknesses to look after.} Ne7 27. Nc1 f5 28. Qb4
Nd5 29. Qd4 Be7 30. Kb3 Qf1 31. Qd2 Kh7 32. Nd3 Qh1 33. c4 Nf6 34. Ne5 Ne4 (
34... Qxh2 35. c6 $1) 35. Qd7 Bxc5 36. Ka2 (36. Qxe6 Qd1+) 36... Bxe3 37. Qxe6
Bd4 {Perpetual is unavoidable. A fascinating battle.} 1/2-1/2

[Event "Leon op"]
[Site "Leon"]
[Date "1997.??.??"]
[Round "7"]
[White "Strikovic, Aleksa"]
[Black "Gomez Esteban, Juan Mario"]
[Result "0-1"]
[WhiteElo "2560"]
[BlackElo "2490"]
[Annotator "Romero Holmes"]
[PlyCount "112"]
[EventDate "1997.08.??"]
[EventType "swiss"]
[EventRounds "9"]
[EventCountry "ESP"]
[SourceTitle "CBM 059 Extra"]
[Source "ChessBase"]
[SourceDate "1997.09.26"]
[SourceVersion "1"]
[SourceVersionDate "1997.09.26"]
[SourceQuality "1"]

1. e4 c5 2. c3 d5 3. exd5 Qxd5 4. d4 Nf6 5. Be3 cxd4 6. cxd4 Bg4 7. Ne2 e6 8.
Nbc3 Bb4 9. h3 Bh5 10. Qa4+ Nc6 11. a3 Bxc3+ 12. Nxc3 Qd7 13. g4 Bg6 14. Bg2
O-O 15. O-O Rfd8 16. Rad1 Ne7 17. Qb3 Nfd5 18. Bg5 f6 19. Bc1 Rac8 20. Rfe1 b6
21. Bf1 Bf7 $11 22. Ba6 Rc7 23. Ne4 Ng6 24. Qg3 Qa4 25. Bf1 Rcd7 26. h4 h6 27.
h5 Nge7 28. Bd3 {Las blanacs parecen haber sacado más partido de la última
fase de la partida, pero la posición negra es suficientemente sólida.} Qc6 29.
Bb1 Qc7 30. Qf3 Kf8 31. Bd2 Nc6 32. Rc1 Nxd4 33. Qd3 Nc6 34. Qb5 Rc8 35. Qa4
Qb7 36. Bd3 a5 37. Bb5 Nde7 38. Be3 Rd5 39. Red1 Ne5 40. Be2 Be8 41. Qb3 $2
$138 (41. Rxc8 $1) 41... Rxc1 $2 $138 (41... Rxd1+) 42. Rxc1 Bc6 43. Qxb6 Qxb6
44. Bxb6 f5 45. Nc5 Kf7 46. gxf5 Nxf5 47. Nd3 Bb5 48. Nxe5+ Rxe5 49. Bf3 Nh4
50. Rc7+ Kf6 51. Rc3 Kf5 52. Bh1 Kg4 53. Rg3+ Kxh5 54. Rxg7 a4 55. Be3 Be2 56.
Bc6 Nf5 $138 0-1

[Event "Leon"]
[Site "Leon"]
[Date "1995.??.??"]
[Round "2"]
[White "De la Villa Garcia, Jesus Maria"]
[Black "Sion Castro, Marcelino"]
[Result "1-0"]
[WhiteElo "2490"]
[BlackElo "2390"]
[Annotator "Romero Holmes"]
[PlyCount "43"]
[EventDate "1995.05.??"]
[EventType "tourn"]
[EventRounds "9"]
[EventCountry "ESP"]
[EventCategory "14"]
[SourceTitle "CBM 048"]
[Source "ChessBase"]
[SourceDate "1995.10.01"]
[SourceVersion "1"]
[SourceVersionDate "1995.10.01"]
[SourceQuality "1"]

1. e4 {Baburin} c5 2. c3 d5 3. exd5 Qxd5 4. d4 Nf6 5. Be3 e6 6. Nf3 cxd4 7.
cxd4 Nc6 8. Nc3 Qd6 9. a3 Be7 10. Bd3 O-O 11. O-O Rd8 12. Re1 b6 13. Qe2 Bb7
14. Rad1 g6 $2 (14... h6 $5) 15. Bb1 Rac8 16. Ba2 Re8 {Baburin This position
is clearly in White's favour - he has managed to develop all of his pieces,
while Black has not simplified the position at all. White proves his advantage
by a standard break in the centre, for which he is well prepared} 17. d5 $1 $16
exd5 18. Nxd5 Nxd5 19. Bxd5 Qb8 20. Bh6 $1 {/\ Bxf7+.} Nd4 $2 (20... Nd8 $8 21.
Bb3 $16) 21. Rxd4 Bf8 (21... Bxd5 22. Rxd5 Bg5 23. Qxe8+ Rxe8 24. Rxe8+ Qxe8
25. Bxg5 $18) 22. Be3 1-0

[Event "Bundesliga 9899"]
[Site "Germany"]
[Date "1998.12.13"]
[Round "6.1"]
[White "Rozentalis, Eduardas"]
[Black "Hracek, Zbynek"]
[Result "1/2-1/2"]
[WhiteElo "2610"]
[BlackElo "2610"]
[Annotator "Rozentalis,E"]
[PlyCount "45"]
[EventDate "1998.10.17"]
[EventType "team-tourn"]
[EventRounds "15"]
[EventCountry "GER"]
[SourceTitle "GER-chT"]
[Source "ChessBase"]
[SourceDate "1999.07.01"]
[SourceVersion "1"]
[SourceVersionDate "1999.07.01"]
[SourceQuality "1"]
[WhiteTeam "Castrop Rauxel"]
[BlackTeam "Werder Bremen"]
[WhiteTeamCountry "GER"]
[BlackTeamCountry "GER"]

1. e4 c5 2. c3 Nf6 3. e5 Nd5 4. Nf3 Nc6 5. Bc4 Nb6 6. Bb3 c4 7. Bc2 Qc7 8. Qe2
g5 9. h3 {Not a novelty. Usual lines give black a comfortable endgame, due to
the strong centre:} (9. Nxg5 Qxe5) (9. e6 fxe6 10. Nxg5 Qe5) {The move in the
text happened in two games already. Both were won by black. This game didn't
change the assesment of the variation, as not promising something to white.}
9... Bg7 10. O-O (10. Nxg5 $2 Qxe5 $15 {: Proehl H.-Tischbierek R. BL9697})
10... Nxe5 {It is important to take this central pawn.} (10... h6 $6 11. Re1
$13 {: Tibensky R.-Videki S. AUTch 9697}) {And white managed to keep his
centre, though later lost in long game.} 11. Nxg5 d5 12. b3 {White has to play
on queen side, trying to attack black's centre and activating his pieces.} Bd7
13. a4 cxb3 14. Bxb3 Bf5 $1 {Finding the weak point d3. Now everything is
forced.} 15. a5 Nbc4 16. d4 h6 {Only move, but a good one.} (16... Bd3 $2 17.
Qd1 $1 Bxf1 18. dxe5 Bxg2 19. Kxg2 $2 $14) 17. dxe5 $8 hxg5 18. Bxg5 Qxe5 {
Leading to an equal endgame.} (18... Bxe5 $142 $17 {And black has the
advantage, due to the pawn structure and the active pieces.}) 19. Bxc4 dxc4 20.
Qxe5 Bxe5 21. Re1 f6 22. f4 $1 O-O-O 23. fxe5 {Draw was agreed, as white can
activate his knight, attacking black pawn c4, thus equalizing the position.}
1/2-1/2

[Event "FIDE-Wch k.o."]
[Site "Groningen"]
[Date "1997.12.09"]
[Round "1.1"]
[White "Rozentalis, Eduardas"]
[Black "Lerner, Konstantin Z"]
[Result "1/2-1/2"]
[WhiteElo "2645"]
[BlackElo "2560"]
[Annotator "Rozentalis,E"]
[PlyCount "61"]
[EventDate "1997.12.09"]
[EventType "k.o."]
[EventRounds "7"]
[EventCountry "NED"]
[SourceTitle "CBM 063"]
[Source "ChessBase"]
[SourceDate "1998.03.26"]
[SourceVersion "1"]
[SourceVersionDate "1998.03.26"]
[SourceQuality "1"]

1. e4 {HarZvi} c5 2. c3 d5 3. exd5 Qxd5 4. d4 Nf6 5. Nf3 (5. Be3 Bg4 6. f3 cxd4
7. cxd4 Bd7 8. Nc3 Qa5 9. Bc4 e6 10. Nge2 Be7 11. O-O O-O 12. Qd2 $146 (12. a3)
12... Nc6 13. Rad1 Rac8 14. a3 Qc7 15. Ba2 Na5 $1 16. Qd3 Nc4 17. Bc1 b5 $11 {
1/2-1/2 Rozentalis,E-Lutz,C/BL 1997/ (52)}) 5... Bg4 6. dxc5 (6. Be3 {HarZvi}
cxd4 7. cxd4 Bxf3 8. gxf3 e6 (8... Nbd7 9. Nc3 Qa5 10. d5 g6 11. Qb3 Bg7 12.
Qxb7 Rb8 13. Qxa7 Qxa7 14. Bxa7 Rxb2 15. Bd4 O-O $44 {1/2-1/2 Vajda,A-Wells,P/
Budapest FS02 GM 1994/CBM 40 (28)}) 9. Nc3 Qd7 10. Qb3 Nc6 11. O-O-O Be7 12.
Rg1 g6 13. h4 O-O 14. h5 Nxh5 15. d5 Na5 16. Qc2 Rac8 17. Bb5 Qd6 18. dxe6 Qxe6
19. Bd7 Rxc3 20. bxc3 $13 {1/2-1/2 Rausis,I-Petursson,M/ISL-chT 1996/EXT 97})
6... Qxc5 7. Na3 (7. h3 {HarZvi} Bd7 8. Na3 e6 9. Be3 Qa5 10. Nc4 Qc7 11. Nce5
Bd6 12. Nxd7 Nbxd7 13. Bb5 O-O 14. O-O Nc5 15. Re1 Rad8 16. Qc2 a6 17. Bf1 Bf4
18. Bd4 Ncd7 19. Rad1 Rfe8 20. Be3 h6 21. Bxf4 Qxf4 $11 {1/2-1/2 Shaked,
T-Polgar,J/Fontys 1997/CBM 61 (42)}) (7. Be3 {HarZvi} Qc8 8. h3 Bf5 9. Na3 Nc6
10. Nc4 g6 11. Nce5 Bg7 12. Nxc6 bxc6 13. Bc4 O-O 14. O-O Nd5 15. Bd4 f6 16.
Bc5 $16 {Markovic,I-Ostojic,N/JUG-chT 1997/EXP 59/1-0 (33)}) 7... a6 $146 (7...
Nbd7) 8. Be3 Qc7 (8... Qc8 {HarZvi} 9. h3 Be6 10. Be2 Bd5 11. O-O e6 12. c4 Bc6
13. Nb1 Be7 14. Nc3 O-O 15. Rc1 Rd8 16. Qb3 Nbd7 17. Nd4 Bc5 18. Nxc6 bxc6 19.
Bg5 Qc7 20. Qc2 h6 21. Bd2 Bd4 $13 {Shaked,T-Lerner,K/Berliner Sommer 1997/EXP
59/1/2-1/2 (80)}) 9. h3 Bh5 10. Qa4+ (10. Be2 {HarZvi} e6 11. O-O Nbd7 (11...
Bxa3 $6 12. Qa4+) 12. Qa4 Be7 $13) 10... Nbd7 11. O-O-O e6 (11... Bxf3 $6 {
HarZvi} 12. gxf3 e6 13. Rg1 $36) 12. g4 Bg6 13. Bg2 (13. Nb5 {HarZvi} Qb8 14.
Nbd4 Be7 $13) 13... Be4 (13... Nd5 14. Rxd5 $1 $16 exd5 $145 $17 {Fritz}) (
13... Be7 {HarZvi} 14. Nh4 (14. Nb5 Qb8 15. Nbd4 b5 16. Qa5 Bd8 17. Qa3 Be4
$132 (17... Be7 $2 18. Qxe7+ Kxe7 19. Nc6+)) 14... O-O 15. Nxg6 hxg6 16. g5 Nd5
17. Bxd5 exd5 18. Rxd5 Nb6 19. Bxb6 Qxb6 $44 {[%csl Ra3,Rf2,Rg5]}) 14. Nb5 (14.
g5 {HarZvi} b5 15. Qd4 Bc5 16. Qd2 Nd5 $36) 14... Qb8 15. Na7 $1 {[%csl Rc6,
Rd7,Re4] a very nice way to take control over the "c6" square! but is it
really a good move,that's is what we should find} (15. Nbd4 {HarZvi} b5 16. Qa5
Be7 {[%csl Ra5]}) 15... Rxa7 $8 (15... b5 $5 {HarZvi} 16. Qxa6 b4 (16... Nd5
17. Qc6 $1 Rxa7 (17... N5f6 18. Qxb5) 18. Bxa7 Qxa7 19. Nd4 Qb8 (19... Bxg2 20.
Qc8+ Ke7 21. Nc6+) 20. Bxe4 Qf4+ 21. Rd2 Qxe4 22. Rhd1 $16) 17. c4 Qc7 $36 {
[%csl Ra6,Ra7] when I for sure do not want to have the white pieces with such
weak king and bad stuck pieces on the Queen's side only for a pawn}) (15...
Bxf3 {HarZvi} 16. Bxf3 Rxa7 17. Bxa7 Qxa7 18. g5 b5 (18... Nd5 19. Bxd5 exd5
20. Rxd5 b5 21. Re1+ Be7 22. Rxb5 $18) 19. Qf4 Nd5 20. Bxd5 exd5 21. Rhe1+ Be7
22. Rxd5 $16) 16. Bxa7 Qxa7 17. Rxd7 Nxd7 (17... Bc6 $4 {HarZvi} 18. Qxc6 Nxd7
19. Qc8+ Ke7 20. Rd1) 18. Qxe4 (18. Ne5 Bc6 $13) 18... Bc5 (18... Qxf2 $5 {
HarZvi} 19. Qxb7 (19. Rd1 Bc5 $1 20. Rxd7 Qxg2 21. Rc7 Qf1+ 22. Ne1 (22. Kc2
O-O) 22... Be7 $17) 19... Bd6 $15 {[%cal Ge8g8]} (19... Qxg2 20. Rd1 $18)) 19.
Nd4 (19. Rd1 $2 Nf6) 19... Bxd4 20. cxd4 $16 (20. Qxd4 $5 {HarZvi} Qxd4 21.
cxd4 b6 22. Kd2 Ke7 23. Rc1 $14) 20... O-O 21. Rd1 Rb8 $1 (21... b6 22. Qb7 $1)
22. Kb1 h6 (22... Nf6 {HarZvi} 23. Qf4 h6) 23. Qf4 $2 (23. Rc1 $1 Nf6 (23... b5
24. Qf4) 24. Qe5 Rd8 25. Rc7 Qxd4 26. Qxd4 Rxd4 27. Bxb7 $16) 23... Rc8 $11 (
23... Nf6 {HarZvi} 24. Qc7 (24. h4 $5) 24... Ne8 25. Qe5 Rd8) 24. Qd6 (24. d5 {
HarZvi} Qc5 25. Qd2 $14 {in an endgame with pawn on both wings the bishop is
much stronger than the knight}) 24... b5 25. Rc1 Rxc1+ 26. Kxc1 Nf6 27. b4 {
[%csl Ra6,Rb5]} g5 {[%csl Rf4]} 28. Kc2 Nd7 29. Be4 Nb6 30. Qc6 Nc4 31. Qa8+ (
31. Qa8+ Qxa8 32. Bxa8 Nd6 $11) 1/2-1/2

[Event "Hastings 9798"]
[Site "Hastings"]
[Date "1997.12.30"]
[Round "2"]
[White "Rozentalis, Eduardas"]
[Black "Tkachiev, Vladislav"]
[Result "1-0"]
[WhiteElo "2645"]
[BlackElo "2615"]
[Annotator "Rozentalis,E"]
[PlyCount "89"]
[EventDate "1997.12.29"]
[EventType "tourn"]
[EventRounds "9"]
[EventCountry "ENG"]
[EventCategory "13"]
[SourceTitle "CBM 063"]
[Source "ChessBase"]
[SourceDate "1998.03.26"]
[SourceVersion "1"]
[SourceVersionDate "1998.03.26"]
[SourceQuality "1"]

1. e4 {HarZvi} c5 2. c3 Nf6 3. e5 Nd5 4. g3 d6 5. exd6 e6 6. Bg2 Bxd6 7. Nf3 (
7. Ne2 O-O 8. d4 Nc6 9. O-O Nde7 10. Na3 cxd4 11. Nb5 Bb8 12. Nbxd4 e5 13. Nxc6
Nxc6 14. Be3 Bg4 {Rozentalis,E-Rogers,I/Biel op 1990/EXP 19/1/2-1/2 (45)}) 7...
Nc6 8. d4 cxd4 9. Nxd4 Nxd4 (9... Bd7 10. O-O O-O 11. Ne2 (11. Nf3 Ne5 12. Nxe5
Bxe5 13. Nd2 Qc7 14. Qe2 {1/2-1/2 Rozentalis,E-Shirov,A/North Bay op 1994/EXT
94op}) 11... Qe7 12. Nd2 Rad8 13. Nc4 Bb8 14. Re1 Bc8 15. Qc2 Rfe8 16. Ne3 Nf6
17. b3 Qc5 18. Bb2 h5 19. Nd4 Ne5 20. Rad1 h4 21. Qe2 hxg3 22. hxg3 a6 23. c4 {
1-0 Slobodjan,R-Hansen,S/Lippstadt 1997/EXP 59 (39)}) 10. Qxd4 O-O 11. O-O Qc7
12. Nd2 Bd7 13. Ne4 Be5 (13... Be7 $5) (13... Bb5 $5 14. Re1 Be7 15. Ng5 Rad8 (
15... h6 $4 $16 16. Nxe6 $1 {Von Gleich; CBM 40} (16. Nf3 $2 Rad8 17. a4 Ba6 {
1/2-1/2 Rozentalis,E-Wojtkiewicz,A/Bonn GSK 1994/CBM 40}) 16... fxe6 17. Rxe6
$16 (17. Rxe6 {HarZvi} Nxc3 (17... Nb6 18. Qe5 Qc5 (18... Qd7 19. Rxe7 Qd1+ 20.
Qe1) 19. Be3 Qxe5 20. Rxe5 $18) (17... Bc5 18. Qxd5 Rxf2 19. Rc6+ Rf7+ 20. Rxc5
Bc6 21. Rxc6 bxc6 22. Qxc6 Qxc6 23. Bxc6 Rd8 24. Bf4) 18. Qxc3 Qxc3 19. bxc3
Bc5 20. Be3 $16) (17. Bxd5 $4 Bc5 18. Bxe6+ (18. Rxe6 Bxd4 19. Re7+ Kh8 20.
Rxc7 Bxf2+ 21. Kg2 Bb6 22. Rxb7 Bf1+ (22... Rad8 23. Bb3 Rf2+ 24. Kh3 Bf1+) 23.
Kh1 Rad8 24. c4) 18... Kh8)) (15... Bc6 {Von Gleich} 16. Qd3 g6) 16. Qe4 Bxg5
17. Bxg5 Rd7 18. Rad1 h6 19. Bc1 Rfd8 20. h3 Bc6 21. Qe2 a6 22. Rd4 Ne7 23.
Rxd7 {1/2-1/2 Rozentalis,E-Ftacnik,L/EUCup Gr3 1994/CBM 45}) 14. Qd3 a6 $146 (
14... Rad8 15. Re1 Bc6 16. Qe2 h6 17. Bd2 Nf6 18. Rad1 Nxe4 19. Bxe4 Bxe4 20.
Qxe4 Bf6 {Rozentalis,E-Akopian,V/Philadelphia/1994}) 15. Re1 (15. Rd1 Bb5 16.
Qc2 Rad8 17. Bd2 h6 18. f4 Bd4+ 19. Kh1 f5 20. Bc1 Ba7 $17 {0-1 Pedersen,
S-Schandorff,L/DEN-ch 1994/CBM 41 (35)}) 15... Bb5 16. Qf3 Bc6 17. Qe2 Nf6 (
17... Bb5 18. Qh5) (17... h6 $1 $11) 18. Bg5 Bxe4 19. Bxe4 h6 $6 (19... Nxe4
$142 20. Qxe4 Bd6 (20... Bd6 {Nunn} 21. Qg4 Be7)) 20. Bg2 $1 {HarZvi:
Rozentalis certainly had to see a lot before playing this move which leads to
great complications which are good for white} Bxg3 $8 (20... Bd6 21. Bxf6 $16)
(20... Bxc3 21. Bf4 e5 22. Bxe5 $16 (22. Rac1 exf4 23. Rxc3 Qd7 $11) (22. Bxe5
{HarZvi} Qxe5 23. Qxe5 Bxe5 24. Rxe5 $14 {/+/-})) (20... hxg5 {HarZvi} 21. Qxe5
Qb6 22. Qe2 $14 {[%cal Ga2a4,Ga4a5]} (22. c4 $5)) 21. Bxf6 Bxh2+ 22. Kh1 gxf6
23. Qg4+ Kh7 (23... Kh8 24. Qh4 Bf4 25. Qxf6+ Kg8 26. Rg1 Bg5 (26... Rfd8 {
HarZvi} 27. Bxb7+ Bg5 28. Bxa8 Rxa8 29. Rxg5+ hxg5 30. Qxg5+ $16) 27. Be4 $18)
24. Qh4 $8 (24. Be4+ f5 25. Bxf5+ exf5 26. Qxf5+ Kh8 27. Qf6+ $11) 24... Be5 (
24... Bf4 25. Qxf6 Rh8 (25... Rfe8 26. Rg1 Qe5 27. Qxf7+ Kh8 28. Rae1 Re7 29.
Rxe5 Rxf7 30. Rxe6) 26. Be4+ Kg8 27. Rg1+ Bg5 28. f4 Rd8 (28... Qb6 {HarZvi}
29. Rg2 $1 (29. fxg5 hxg5+ 30. Kg2 Qxb2+) 29... Qe3 (29... Rd8 30. Rag1 $16)
30. Qe5 $1 $16 {/+-}) 29. Rg2 $1 $18) 25. f4 $1 {[%csl Yf6,Yf7][%cal Yf1f7]
HarZvi: White has a draw with 25.Qe4-Qh4-Qg4, but Rozentalis sees more than
that. He is willing to give another pawn just to be able to take the "f6" pawn.
} (25. Qe4+ {HarZvi} Kh8 26. Qh4 Kg7 27. Qg4+ Kh7 28. Re4) 25... Bxf4 26. Qxf6
{so with the "f2" or without it we reach the same position} Rh8 $8 (26... Bg5
27. Be4+ Kg8 28. Rg1 $18 Z0 29. Rxg5+ (29. Qxh6)) (26... Rfd8 27. Rxe6 $1 (27.
Rg1 Qe5 28. Qxf7+ Kh8 $13) 27... fxe6 28. Be4+ Kg8 29. Rg1+ $18) (26... Kg8 27.
Rg1 Rfd8 (27... Bg3 28. Be4 $18) 28. Bxb7+ (28. Be4+ Kf8 29. Raf1 e5 30. Rg6
Qc4 $8 31. Re1 Rd1 $1 $11) (28. Raf1 $1 {Nunn} e5 29. Rxf4 exf4 30. Bh3+ Kf8
31. Qxh6+ Ke8 32. Re1+) 28... Bg5 29. Bxa8 Rxa8 30. Raf1 $1 Qb7+ 31. Kh2 Qxb2+
32. Kh3 Ra7 33. Rxg5+ $18 hxg5 34. Qxg5+ Kh7 (34... Kf8 35. Qd8+ Kg7 36. Rg1+)
35. Qh4+ Kg6 36. Rg1+ Kf5 37. Rg5+ Kf6 38. Rh5+ Kg7 39. Qg5+ Kf8 40. Rh8#) (
26... Rfe8 {HarZvi} 27. Be4+ (27. Rf1 Bg5 (27... e5 28. Rg1 $18) 28. Qxf7+ Qxf7
29. Rxf7+ Kg8 30. Rxb7 Rad8 $132 {although it is quite clear that white is
better,black has counter-play}) 27... Kg8 28. Rg1+ Kf8 29. Raf1 e5 (29... Bg5
30. Qh8+ Ke7 31. Rxf7+) 30. Rf3 $3 {a fantastic move,with two important
factors,the first it blocks the a8-h1 diagonal,so Qc6 is not check! and the
seconf the rook hold the h3 square,which can be very important in sevral
positions} (30. Bd5 $5) 30... a5 (30... Rac8 31. Bh7 Bg5 32. Rxg5 hxg5 33. Bg6
Qc4 34. Bxf7 Qh4+ 35. Kg2 g4 (35... Qg4+ 36. Kf1) 36. Qxh4 gxf3+ 37. Kxf3 Kxf7
38. Qh7+ $16 {/+-}) (30... Red8) 31. Bd5 $1 $18 (31. Bh7 Bg5 32. Rxg5 hxg5 33.
Bg6 Ra6)) 27. Rf1 (27. Be4+ $2 Kg8 28. Rg1+ Bg5 29. Rad1 Qc4 $17) (27. Rg1 Bg5
28. Be4+ Kg8 $15) 27... Be5 (27... Bg5 $5 28. Qxf7+ Qxf7 29. Rxf7+ Kg6 (29...
Kg8 30. Rxb7 $16) 30. Raf1 $14 (30. Rxb7 $14 {HarZvi})) 28. Qxf7+ Qxf7 29.
Rxf7+ Kg8 $4 {HarZvi: the wrong place! we have all studied about not getting a
passive king in the endgame,and here is a very good example,after Kg8 black
gets a terrible position,while after Kg6 black is still playing,for me it is
quite strange how such strong GM such as Tkachiev played this} (29... Kg6 $142
30. Raf1 $16 Z0 31. Be4+ {[%csl Ra6,Rb7,Re6,Rg6]}) 30. Rxb7 Rb8 (30... Rd8 $142
{HarZvi}) 31. Re1 $18 Rxb7 32. Bxb7 Bf6 (32... Bf4 $142 {HarZvi} 33. Rxe6 a5)
33. Rxe6 Kf7 34. Rxa6 {HarZvi: the game is over} Rb8 (34... Rd8 35. Rb6) 35.
Rb6 Ke7 36. a4 Be5 37. Rb5 (37. Rxh6 $2 Bc7) (37. a5 Bc7) 37... Bc7 38. b4 Rd8
39. Bd5 Kd6 40. a5 Re8 41. c4 Re2 42. Rb7 h5 (42... Ra2 43. c5+ Kxd5 44. Rxc7
$18) 43. a6 Ra2 44. a7 Ra1+ 45. Kg2 1-0